000 00666nam a22002057a 4500
003 OSt
005 20250621033828.0
008 250621b |||||||| |||| 00| 0 eng d
020 _a978-621-427-201-3
040 _aDWCL-Main Lib
_cOC
082 _aFil. 343.05 B163i 2024
100 _aBairan, Bonifacio P.
245 _aIncome & business taxation/
_cBonifacio P. Bairan
260 _aIntramuros, Manila:
_bUnlimited Books Library Services & Publishing Inc.,
_cc2024.
300 _axii, 376 pages;
_c25cm.
504 _aIncludes bibliographical references.
650 _a1. Business -- Taxation.
650 _a2. Income tax.
942 _2ddc
_cBK - FIL
_kFil.
_n0
999 _c3225
_d3225